000 00787nam a2200205 4500
003 CO-ViMGA
020 _a9789588931609
040 _aCO-ViMGA
_bspa
_cCO-ViMGA
082 0 4 _a658.8
_bO66c
100 1 _aOppenheimer, Andrés,
_d1951-
_98517
245 1 0 _a¡Crear o morir! :
_bla esperanza de Latinoamérica y las cinco claves de la innovación /
_cAndrés Oppenheimer.
260 _aBogotá :
_bPenguin Random House,
_c2016.
300 _a330 páginas ;
_b24 cm.
490 _aPlan Nacional de Lectura y Escritura Leer es mi Cuento / Ministerio de Cultura
650 1 4 _aAptitud creadora en los negocios
_98518
650 1 4 _aCompetencia económica
_98519
650 1 4 _aEmprendimiento
_xAmérica Latina
_98521
650 1 4 _aÉxito en los negocios
_xAmérica Latina
_98520
942 _2ddc
_cBK
999 _c7567
_d7567